000 01196nam a2200265Ia 4500
003 OSt
005 20220923211301.0
006 a|||||r|||| 00| 0
007 ta
008 220922b |||||||| |||| 00| 0 hin d
020 _a9788179171318 (hbk)
_c350
024 _a245,339
037 _b372, 11/02/2011, Swaraj Prakashan
_cTextual
040 _aARTS
_cARTS
_bhin
041 _2hin
_ahin
082 _a4, 152Q0
100 _aमैतेलार्त, आर्मंड; मैतेलार्त, मिशेल; मिश्र, वंदना, अनु.
_9160157
245 0 _aसंचार के सिद्धांत
_b एक संक्ष्प्ति परिचय
246 _aSanchār ke siddhāanta: ek sankṣhpti parichaya
260 _aनई दिल्ली
_b ग्रंथ शिल्पी
_c2010
300 _a168पृ.
_ccm.
650 _aहिन्दी पत्रकारिता
942 _h4, 152Q0
_cTEXL
_2CC
999 _c298122
_d298122